Clear view (Record no. 79790)
[ view plain ]
| 000 -LEADER | |
|---|---|
| fixed length control field | 01019cab a22002055a 4500 |
| 001 - CONTROL NUMBER | |
| control field | E142355 |
| 008 - FIXED-LENGTH DATA ELEMENTS--GENERAL INFORMATION | |
| fixed length control field | 080207e200712 stk f 000 0 eng d |
| 035 ## - SYSTEM CONTROL NUMBER | |
| System control number | (Sirsi) u142355 |
| 041 0# - LANGUAGE CODE | |
| Language code of text/sound track or separate title | eng |
| 100 1# - MAIN ENTRY--PERSONAL NAME | |
| Personal name | Paisley, Roderick R. M. |
| 245 00 - TITLE STATEMENT | |
| Title | Clear view |
| 260 ## - PUBLICATION, DISTRIBUTION, ETC. | |
| Date of publication, distribution, etc. | 2007 |
| 490 #0 - SERIES STATEMENT | |
| Series statement | Journal of the Law Society of Scotland |
| Volume/sequential designation | 52(12) December, 50(2) |
| 520 ## - SUMMARY, ETC. | |
| Summary, etc. | Discusses the House of Lords decision in the servitude case of Moncreiff v Jamieson which the author states is very beneficial to property lawyers providing much needed clarity which has extensive implications for the drafting of conveyancing deeds. The decision determined that a person who owned land at the bottom of a sea cliff could park their car on land owned by someone else at the top of the cliff and then proceed to their own property on foot. |
| 590 ## - LOCAL NOTE (RLIN) | |
| Local note | KA |
| 650 24 - SUBJECT ADDED ENTRY--TOPICAL TERM | |
| Topical term or geographic name entry element | MONCRIEFF AND ANOTHER V JAMIESON AND OTHERS |
| 651 #4 - SUBJECT ADDED ENTRY--GEOGRAPHIC NAME | |
| Geographic name | Scotland |
| Chronological subdivision | 1999- |
| 690 ## - LOCAL SUBJECT ADDED ENTRY--TOPICAL TERM (OCLC, RLIN) | |
| Topical term or geographic name as entry element | PROPERTY-PROPERTY ACQUISITION AND DISPOSAL-CONVEYANCING |
| 942 ## - ADDED ENTRY ELEMENTS (KOHA) | |
| Suppress in OPAC | 0 |
| Withdrawn status | Lost status | Source of classification or shelving scheme | Damaged status | Not for loan | Home library | Current library | Shelving location | Date acquired | Total Checkouts | Full call number | Barcode | Date last seen | Copy number | Price effective from | Koha item type |
|---|---|---|---|---|---|---|---|---|---|---|---|---|---|---|---|
| Dewey Decimal Classification | London | London | Journal article | 07/02/2008 | E142355 | 142355-1001 | 06/08/2019 | 1 | 06/08/2019 | Journal article |